Statistics for Countries with the death penalty for gay people

Click here to take the quiz!

General Stats

  • This quiz has been taken 2,754 times
  • The average score is 8 of 11

Answer Stats

HintAnswer% Correct
AsiaIran
91%
AsiaSaudi Arabia
91%
AsiaYemen
84%
AsiaAfghanistan
83%
AsiaPakistan
81%
AsiaQatar
79%
AsiaUnited Arab Emirates
79%
AfricaNIgeria
71%
AfricaSomalia
70%
AsiaBrunei
56%
AfricaMauritania
53%

Score Distribution

Percentile by Number Answered

Percent of People with Each Score

Your Score History

You have not taken this quiz